01825cas a2200445 a 45000010009000000050017000090080041000260100031000670220014000980250015001120300011001270350024001380400037001620420007001990500014002060700013002200720009002330820015002422450043002572600123003003000025004233100014004483620031004625000022004935000039005155100034005545150083005885500087006715900032007586500039007907100098008297100037009277100067009647800078010312700078011099060045011879420028012329990017012609520102012771147371820031130174857.0940628c19949999ii br p 0 a0eng d a 96659229 zsn 94015453  a0971-457X aI-D-E-2676 aICHTEU a(OCoLC)ocm30678983  aDBScDBSdDNALdOUCAdDLCdOCoLC alc aTP1b.I44 aTP1.I532 aX600 a660.05221 aIndian journal of chemical technology. aNew Delhi :bPublications & Information Directorate, CSIR in association with Indian National Science Academy,cc1994- av. :bill. ;c28 cm. aBimonthly aVol. 1, no. 1 (Jan. 1994)- aTitle from cover. aLatest issue consulted: Jan. 2000. aChemical abstractsx0009-2258 aIssue for Nov. 1994 has numeric designation v. 1 and lacks internal numbering. aIssued by: National Institute of Science Communication (New Delhi, India), <2000-> aSERBIB/SERLOC merged record aChemistry, TechnicalvPeriodicals. aCouncil of Scientific & Industrial Research (India).bPublications & Information Directorate. aIndian National Science Academy. aNational Institute of Science Communication (New Delhi, India) tIndian journal of technologyx0019-5669w(DLC)sa 64000270w(OCoLC)1752930 a14, Satsang Vihar Marg, New Delhik26965073l26862228mmsc@niscair.res.in a7bcbccserialsduencipf19gn-oclcserc 2ddccSRh660.05mINDs1 c23622d23622 00102ddc40718NFICaDBADbDBADd2009-02-13l0o660.05 INDr2009-02-13 00:00:00w2009-02-13ySR